| 000 | 00539nam a22001937a 4500 | ||
|---|---|---|---|
| 005 | 20260515115050.0 | ||
| 008 | 250228b |||||||| |||| 00| 0 eng d | ||
| 020 | _a9789358493122 | ||
| 040 |
_aIN-DiNC _cIN-DiNC |
||
| 041 | _dasm | ||
| 082 |
_a954.162 _bHUS |
||
| 100 |
_aHussain, Tachadduk Amanul _eauthor |
||
| 245 |
_aPrachin aru madhyajugor Asom (Minor4)/ _cby Tachadduk Amanul Hussain |
||
| 250 | _a1st ed. | ||
| 260 |
_aDibrugarh: _bBanalata, _c2025. |
||
| 300 | _a333p. | ||
| 650 | _aEarly and medieval Assam | ||
| 942 |
_2ddc _cBK |
||
| 999 |
_c12059 _d12059 |
||